Szczegóły MARC21

Bankowość dla praktyków : Europejski Certyfikat Bankowca EFCB : praca zbiorowa. Cz. 1 /

003 -Nazwa inst., której nr kontr. jest w polu 001 [,]
    • @
    • Nazwa instytucji, której n kontrolny jest w polu 001
    • NUKAT
005 -DATA I CZAS OSTATNIEJ MODYFIKACJI [,]
    • @
    • pole kontrolne
    • 20241231114059.0
020 -Międzynarod. znormalizowany nr książki - ISBN [ , ]
    • a
    • Numer ISBN
    • 9788388835193 Find
    • q
    • Dopowiedzenie
    • GAB
020 -Międzynarod. znormalizowany nr książki - ISBN [ , ]
    • a
    • Numer ISBN
    • 9788391214619 Find
    • q
    • Dopowiedzenie
    • MSBiF
020 -Międzynarod. znormalizowany nr książki - ISBN [ , ]
    • a
    • Numer ISBN
    • 9788392209997 Find
    • q
    • Dopowiedzenie
    • WIB
040 -Instytucja sporządzająca opis [ , ]
    • a
    • Instytucja, która sporządziła opis (NP)
    • WA M/KR
    • c
    • Instytucja, która sporządziła rekord (NP)
    • WA M/KR
    • d
    • Instytucja, która zmodyfikowała rekord (P)
    • WA M/ES
    • d
    • Instytucja, która zmodyfikowała rekord (P)
    • SZCZ U/JS
942 -Rodzaj dokumentu [ , ]
    • c
    • Rodzaj dokumentu
    • Książka
245 -Strefa tytułu i oznaczenia odpowiedzialności [0,0]
    • a
    • Tytuł
    • Bankowość dla praktyków : Find
    • b
    • Ciąg dalszy tytułu (NP)
    • Europejski Certyfikat Bankowca EFCB : praca zbiorowa. Find
    • n
    • Oznaczenie części (P)
    • Cz. 1 /
    • c
    • Pozostałe elementy strefy tytułu i oznaczenia odpowiedzialności (NP)
    • [aut.: Anna Adamus-Matuszyńska et al.] ; Gdańska Akademia Bankowa, Warszawski Instytut Bankowości, Międzynarodowa Szkoła Bankowości i Finansów.
246 -Wariant tytułu [3,0]
    • a
    • Tytuł (NP)
    • Europejski Certyfikat bankowca EFCB
250 -Strefa wydania [ , ]
    • a
    • Oznaczenie wydania (NP)
    • Wyd. 3.
260 -Strefa adresu wydawniczego [ , ]
    • a
    • Miejsce wydania (P)
    • Gdańsk [etc.] :
    • b
    • Nazwa wydawcy (P)
    • Gdańska Akademia Bankowa. Instytut Badań nad Gospodarką Rynkową [etc.],
    • c
    • Data wydania (P)
    • 2010.
300 -Strefa opisu fizycznego [ , ]
    • a
    • Określenie formy książki i/lub objętość (NP)
    • 365 s. :
    • b
    • Oznaczenie ilustracji (NP)
    • il. ;
    • c
    • Format (NP)
    • 30 cm.
336 -Typ zawartości [ , ]
    • a
    • Termin opisujący typ zawartości
    • Tekst
    • b
    • Kod określający zawartość
    • txt
    • 2
    • Źródło (terminu i kodu)
    • rdacontent
337 -Typ mediów [ , ]
    • a
    • Tryb odtwarzania
    • Bez urządzenia pośredniczącego
    • b
    • Kod typu mediów
    • n
    • 2
    • Źródło (terminu i kodu)
    • rdamedia
338 -Typ/rodzaj nośnika [ , ]
    • a
    • Hasło opisujące typ nośnika
    • Wolumin
    • b
    • Kod typu nośnika
    • nc
    • 2
    • Źródło (terminu i kodu)
    • rdacarrier
504 -Uwaga dot. bibliogr. załącznikowej [ , ]
    • a
    • Uwaga dot. bibliografii załącznikowej
    • Bibliogr. przy rozdz.
080 -Uniwersalna Klasyfikacja Dziesiętna [ , ]
    • 2
    • Identyfikator wydania tablic
    • UDC-P058
    • 9
    • UKD
    • 3165
    • a
    • Symbol klasyfikacji
    • 336.71
    • b
    • Dopowiedzenie
    • Bankowość. Banki.
650 -Hasło przedmiotowe [ ,7]
    • a
    • Hasło przedmiotowe
    • Banki
    • v
    • Określnik formalny
    • podręczniki.
    • 2
    • Źródło terminu
    • kaba
    • 9
    • KHW
    • 350578
980 -Symbol UKD [ , ]
    • a
    • UKD
    • 336.71
700 -Hasło dodatkowe - nazwa osobowa [1, ]
    • a
    • Nazwa osobowa (NP)
    • Adamus-Matuszyńska, Anna. Find
    • 9
    • KHW
    • 1764
710 -Hasło dodatkowe - nazwa ciała zbiorowego [2, ]
    • a
    • Nazwa ciała zbiorowego lub nazwa geograficzna jako pierwszy element (NP)
    • Gdańska Akademia Bankowa.
    • 4
    • Kod relacji
    • pbl
    • 9
    • KHW
    • 78437
920 -ISBN [ , ]
    • a
    • ISBN
    • 978-83-88835-19-3 Find
    • q
    • Dopowiedzenie
    • GAB
920 -ISBN [ , ]
    • a
    • ISBN
    • 978-83-912146-1-9 Find
    • q
    • Dopowiedzenie
    • MSBiF
920 -ISBN [ , ]
    • a
    • ISBN
    • 978-83-922099-9-7 Find
    • q
    • Dopowiedzenie
    • WIB
Sygnatura Numer inwentarzowy Status udost. Lokalizacja Data inwentaryzacji
T.14487T.14487-2T2014-02-06
 TM.10559-2T2014-02-21